All Flying-type Pokémon that cannot learn fly - Statistics

General Stats
  • This quiz has been taken 8 times
  • The average score is 21 of 31
Answer Stats
Hint Answer % Correct
Bug Scyther
100%
Rock Archen
83%
Electric Emolga
83%
Ground Gligar
83%
Ground Gliscor
83%
Water Gyarados
83%
Grass Hoppip
83%
Grass Jumpluff
83%
Bug Ninjask
83%
Grass Skiploom
83%
Bug Beautifly
67%
Bug Butterfree
67%
Bug Combee
67%
Water Mantine
67%
Water Mantyke
67%
Bug Masquerain
67%
Rock Minior
67%
Psychic Natu
67%
Grass Shaymin
67%
Bug Vespiquen
67%
Bug Vivillon
67%
Bug Yanmega
67%
Grass Dartrix
50%
Electric Fan Rotom
50%
Bug Ledian
50%
Bug Ledyba
50%
Fairy Mega Clefable
50%
Bug Mega Pinsir
50%
Bug Mothim
50%
Grass Rowlet
50%
Bug Yanma
50%
No matching quizzes found
Score Distribution
Percent of People with Each Score
Percentile by Number Answered
Your Score History
You have not taken this quiz